El Fuero de Zorita de los Canes según el códice 247 de la Biblioteca Nacional (siglo XIII al XIV) y sus relaciones con el Fuero Latino de Cuenca y el Romanceado de Alcázar / (Record no. 187762)

MARC details
000 -LEADER
campo de control de longitud fija 00792nam a2200181 i 4500
001 - NÚMERO DE CONTROL
campo de control 187762
003 - IDENTIFICADOR DE NÚMERO DE CONTROL
campo de control ES-MaACL
005 - FECHA Y HORA DE LA ÚLTIMA TRANSACCIÓN
campo de control 20251108164635.0
008 - DATOS DE LONGITUD FIJA--INFORMACIÓN GENERAL
campo de control de longitud fija 180214s1911 sp |||| | spa d
245 03 - MENCIÓN DEL TÍTULO
Título El Fuero de Zorita de los Canes según el códice 247 de la Biblioteca Nacional (siglo XIII al XIV) y sus relaciones con el Fuero Latino de Cuenca y el Romanceado de Alcázar /
Mención de responsabilidad, etc. por Rafael de Ureña y Smenjaud.
260 ## - PUBLICACIÓN, DISTRIBUCIÓN, ETC.
Lugar de publicación, distribución, etc. [S.l.] :
Nombre del editor, distribuidor, etc. [s.n.],
Fecha de publicación, distribución, etc. 1911 (
Lugar de fabricación/manufactura Madrid :
Fabricante Estab. Tip. de Fortanet)
300 ## - DESCRIPCIÓN FÍSICA
Extensión XL, 423 p., [2] h. de lám. ;
Dimensiones 24 cm.
594 ## - Nota al título y mención de responsabilidad
Nota al título y mención de responsabilidad Precede al título: Real Academia de la Historia.
650 #4 - PUNTO DE ACCESO ADICIONAL DE MATERIA--TÉRMINO DE MATERIA
Término de materia o nombre geográfico como elemento de entrada Fueros-
Subdivisión geográfica Zorita de los Canes.
9 (RLIN) 164252
700 1# - ENTRADA AGREGADA--NOMBRE PERSONAL
Nombre de persona Ureña y Smenjaud, Rafael de,
Fechas asociadas al nombre 1852-1930
9 (RLIN) 112127
852 ## - LOCALIZACIÓN
Ubicación ES-MaACL
Número de control de estantería A-341
Holdings
Estatus retirado Estado de pérdida Estado de daño No para préstamo Biblioteca de origen Biblioteca actual Ubicación en estantería Fecha de adquisición Total de préstamos Signatura topográfica completa Código de barras Visto por última vez Precio de reemplazo Tipo de ítem Koha
        Biblioteca del Ateneo de Madrid Biblioteca del Ateneo de Madrid Sala Pecera Planta 1 14/02/2018   A-341 1198366 23/02/2023 23/02/2023 Libro impreso